La frase : segundo libro : método para la lectura de cláusulas: segundo grado

Gespeichert in:
Bibliographische Detailangaben
1. Verfasser: Montes, Victoriano Autor
Format: keine Angabe
Sprache:Spanisch
Erschienen: Buenos Aires,Argentina Talleres Gráficos de la Compañía General de Fósforos 1909
Ausgabe:
Katalog:MANES:  Suchergebnis im Bibliothekskatalog
Schulbuchspezifische Eigenschaften:
Tags: Tag hinzufügen
Keine Tags, Fügen Sie den ersten Tag hinzu!
Hinzugefügt zu:26.04.2016
Geändert in:30.01.2026

MARC

LEADER 000000000a22000000004500
001 22136
003 OSt
005 20260130093738.0
008 160427s sp ||||| |||| 00| 0 spa d
041 1 |a spa 
040 |c centro_manes 
690 |a EyL 
691 7 |a PRI 
100 1 |a Montes, Victoriano  |b Autor  |9 14803 
245 0 0 |a La frase : segundo libro : método para la lectura de cláusulas: segundo grado 
250 |a 5ª 
260 3 |a Buenos Aires,Argentina  |b Talleres Gráficos de la Compañía General de Fósforos  |c 1909 
300 |a 156 p.  |c 19 x 14 cm 
500 |a El término Buenos Aires, que figura en el libro, hace referencia a la Ciudad de Buenos Aires. Aprobado por el Consejo General de Educación de la Provincia de Buenos Aires en el concurso de 1905 y por el Honorable Consejo Nacional de Educación en 1908 y 1909. Tapa dura. 
942 |2 ddc  |c BK 
546 |a Argentina 
999 |c 27413  |d 27413 
999 |c manes:27413  |d 27413